000 00673nam a2200229 4500
003 OSt
005 20240625080603.0
006 a
008 240625b |||||||| |||| 00| 0 eng d
020 _a9789712360459
040 _aDWCL-Main lib.
_cOC
082 _2First edition
_aFil. 513 On58e 2011
100 _aOng, Anita C.
245 _aElements of investment mathematics /
250 _aFirst edition
260 _aManila :
_bRex Book Store, Inc. ,
_cc2011.
300 _avii,
_b181 p. ;
_c26cm.
504 _aIncludes bibliographical references.
650 _a1. Annuities.
650 _a2. Business mathematics.
942 _2ddc
_n0
_cBK - FIL
_eFirst edition
_kFil.
999 _c1334
_d1334